| 000 | 00887nam a22001817a 4500 | ||
|---|---|---|---|
| 999 |
_c62473 _d62473 |
||
| 003 | Ge_BSU | ||
| 005 | 20241115114931.0 | ||
| 008 | 241115s1966 ge ||||| |||| 00| 0 geo d | ||
| 041 | _ageo | ||
| 080 | _a612.1/4(075.8) ჩ-35 | ||
| 100 |
_aჩახნაშვილი, შალვა. _923700 |
||
| 245 |
_aშინაგან ორგანოთა ფიზიოლოგია : _b[დამხმ. სახელმძღვ. ფიზკულტურის ინ-ტის სტუდენტებისათვის] / _cშალვა ჩახნაშვილი. |
||
| 264 |
_aთბილისი : _b განათლება, _c1966. |
||
| 300 |
_a161 გვ. : _b ილ. ; _c22 სმ. |
||
| 653 | _aშინაგანი ორგანოების ფიზიოლოგია | ||
| 653 | _aმედიცინა | ||
| 942 |
_2udc _cBK |
||